03144cam a22004094a 4500999001700000001000900017005001700026008004100043010001700084015001900101016001800120020001800138020001500156035002400171040004700195042000800242043001200250050003200262082000700294100002400301245011800325250001300443260003900456300003600495504005100531505095900582520066001541650001302201650002802214700002602242856008402268856009102352856009202443906004502535942003202580952012202612 c17172d171721643878220161122120422.0100830s2011 njua b 001 0 eng  a 2010036820 aGBB0861422bnb7 a0156057012Uk a9780470561072 a0470561076 a(OCoLC)ocn649801668 aDLCcDLCdYDXdBTCTAdUKMdYDXCPdCDXdDLC apcc an-us---00aHG173.M398 2011b.M398 2011002221 aMelicher, Ronald W.10aIntroduction to finance :bmarkets, investments, and financial management /cRonald W. Melicher, Edgar A. Norton. a14th ed. aHoboken, NJ :bJohn Wiley,cc2011. axviii, 590 p. :bill. ;c28 cm. aIncludes bibliographical references and index.8 aMachine generated contents note: Part 1: Financial Markets -- Chapter 1. The Financial Environment -- Chapter 2. Money and the Monetary System -- Chapter 3. Banks and Other Financial Institutions -- Chapter 4. Federal Reserve System -- Chapter 5. Policy Makers and the Money Supply -- Chapter 6. International Trade and Finance -- Part 2: Investments -- Chapter 7. Savings and Investment Process -- Chapter 8. Structure of Interest Rates -- Chapter 9. Time Value of Money -- Chapter 10. Bond and Stocks: Characteristics and Valuations -- Chapter 11. Securities Markets -- Chapter 12. Financial Return and Risk Concepts -- Part 3: Financial Management -- Chapter 13. Business Organization and Financial Data -- Chapter 14. Financial Analysis and Long-term Financial Planning -- Chapter 15. Managing Working Capital -- Chapter 16. Short-term Business Financing -- Chapter 17. Capital Budgeting Analysis -- Chapter 18. Capital Structure and Cost of Capital. a"Business managers will gain a basic understanding of the complex world of finance with this engaging book. It presents a balanced survey of the three main areas of finance: institutions and markets, investments, and financial management. The examples have been completely updated throughout to provide the most relevant information. Discussions of small business practice help them gain a better understanding of small business applications. More focus is placed on ethics to reflect the headlines in today's news. Additional end-of-chapter questions and career-profile features also enable business managers to connect the material to the real world."-- 0aFinance. 0aFinancezUnited States.1 aNorton, Edgar,d1957-423Cover imageuhttp://catalogimages.wiley.com/images/db/jimages/9780470561072.jpg423Publisher descriptionuhttp://www.loc.gov/catdir/enhancements/fy1204/2010036820-d.html413Table of contents onlyuhttp://www.loc.gov/catdir/enhancements/fy1204/2010036820-t.html a7bcbccorignewd1eecipf20gy-gencatlg 2lcccBOOKShHG173.M398 2011 00102lcc4070aMUCbMUCcGENd2016-11-22eDonation(B.F.A)l0oHG173.M398 2011p28014r2019-06-04w2016-11-22yBOOKS